Представление документа в формате RUSMARC

ПолеНазваниеЗначение
  Тип записи a
  Библиографический уровень a
001 Контрольный номер RU/CBS_UL/BASE/23ea0996592b43a1b0cb82434c4ceed9
005 Дата корректировки 20230302093811.9
100 Данные общей обработки __
a Данные общей обработки 20230302 ||| 0rusy0189 ca
101 Язык документа 0_
a Язык текста rus
102 Страна публикации __
a Страна публикации RU
200 Заглавие и сведения об ответственности 1_
a Заглавие "Не смейте забывать учителей..."
e Сведения, относящиеся к заглавию [воспоминания о замечательном учителе русского языка и литературы города Ульяновска - Джульетте Рафаэловне Кулаковой]
300 Общие примечания __
a Общие примечания 12+
461 Уровень набора _0
1 2000
a Симбирскъ
463 Уровень физической единицы _0
1 2000
a № 9
v С. 42-46
1 2101
d 2018
1 001RU/CBS_UL/BASE/594209363
600 Персоналии _1
a Персоналии (Фамилия) Кулакова
b Персоналии (Имя, инициалы) Д.Р.
606 Тематические рубрики 0_
a Основная рубрика Кулакова, Джульетта Рафаэловна (1931-2017)
610 Ключевые слова 0_
a Ключевые слова учителя
610 Ключевые слова 0_
a Ключевые слова педагоги
610 Ключевые слова 0_
a Ключевые слова заслуженные учителя РФ
610 Ключевые слова 0_
a Ключевые слова школа 50
610 Ключевые слова 0_
a Ключевые слова знаменитые педагоги
686 Индексы других классификаций __
a Классификационный индекс 74.204
801 Источник записи _0
a Страна RU
b Организация МБУК ЦБС г. Ульяновска
c Дата составления 20230302
g Правила каталогизации RCR
801 Источник записи _1
a Страна RU
b Организация МБУК ЦБС г. Ульяновска
c Дата составления 20230302
g Правила каталогизации RCR
901 Тип документа __
t Тип документа b
w Контрольный № источника RU/CBS_UL/BASE/594209363